Religionene og deres hovedretninger - Statistics

General Stats
  • This quiz has been taken 107 times
    47 since last reset
  • The average score is 13 of 34
Answer Stats
Hint Answer % Correct
Flertallsreligionen i India og Nepal (Har 1 milliard tilhengere) Hinduisme
97%
Flertallsreligionen i Indonesia, Bangladesh, Pakistan, Midtøsten, Nord-Afrika og Sentral-Asia (Har 1.6 milliarder tilhengere) Islam
97%
Flertallsreligionen i Vesten, inkl. Latin-Amerika, pluss store deler av Afrika sør for Sahara, og Filippinene (Har 2.4 milliarder tilhengere) Kristendom
94%
Flertallsreligionen i Thailand, Burma, Sri Lanka, og Mongolia, med et stort mindretall i Kina, Japan, Sør-Korea og Vietnam (Har ca. 500 millioner tilhengere) Buddhisme
88%
Hovedretningen med flertall i Iran og Irak Shia
81%
Hovedretningen med over 1.2 milliarder medlemmer, med flertall i mesteparten av Midtøsten, Sentral-Afrika, Indonesia og Nord-Afrika Sunni
78%
Flertallsreligionen i Israel (Har 14 millioner etniske medlemmer i verden) Jødedom
75%
Hovedretningen som har verdens største trossamfunn med 1 milliard medlemmer, med flertall i Latin-Amerika, mange europeiske land (f.eks. Frankrike, Italia, Spania, Irland, Polen), deler av Afrika, pluss Filippinene Katolisisme
75%
Hovedretningen som har flertall i deler av Øst-Europa, inkl. Russland, og Hellas Ortodoks kristendom
75%
Hovedretningen som er delt inn i utallige trossamfunn, med flertall i Nord-Europa og mange tidligere britiske kolonier, inkl. USA, Canada, Australia, New Zealand Protestantisme
69%
En ny form for kristendom grunnlagt av Joseph Smith i USA på 1830-tallet (Over 15 mill. tilhengere i verden) Mormonisme
56%
Den tradisjonelle religionen i Japan Shintoisme
38%
Flertallsreligionen i den indiske regionen Punjab (Har 25-30 millioner tilhengere) Sikhisme
31%
Hovedretningen med flertall i Thailand, Burma, Sri Lanka, Laos og Kambodsja, er den mest ortodokse retningen (Har ca. 125 millioner tilhengere) Theravada
31%
En ny monoteistisk religion grunnlagt i Persia på 1800-tallet (Over 5 mill. tilhengere i verden) Bahai
28%
En ny religion grunnlagt av forfatteren L. Ron Hubbard i USA på 1950-tallet Scientologi
28%
Hovedretningen som er delt inn i mange ulike skoler, med et stort mindretall i Kina, Japan, Sør-Korea og Vietnam (Har veldig grovt regnet 400 millioner tilhengere) Mahayana
25%
Samlebetegnelse brukt om en del nyreligiøsitet som ikke er knyttet til noen religion New Age
25%
Den konservative hovedretningen Ortodoks jødedom
25%
Hovedretningen med kun 10-20 millioner medlemmer, er et mindretall i Pakistan Ahmadiyya
19%
Den nokså liberale hovedretningen Konservativ jødedom
19%
Den progressive og liberale hovedretningen av ovennevnte Reformjødedom
19%
Hovedretningen som dyrker Shiva som den fremste guddommen (Har ca. 220 millioner tilhengere) Shaivisme
19%
Hovedretningen med flertall i Oman Ibadi
16%
Hovedretningen som dyrker gudinnen som den fremste guddommen (Har ukjent antall millioner tilhengere) Shaktisme
16%
Hovedretningen med flertall i Mongolia, Bhutan og regionen Tibet i Kina, med mindretall i Japan og i Kina utenom Tibet (Har ca. 20 millioner tilhengere) Vajrayana
16%
Den mest fundamentalistiske hovedretningen, har blitt kalt ultra-ortodoks Haredi
13%
Den fundamentalistiske hovedretningen som inkluderer mystikk Hasidisme
13%
En mindre, men veldig gammel religion i India (Har kanskje 6 millioner tilhengere) Jainisme
13%
Gjenoppliving av hedenske praksiser fra utdødde europeiske religioner Nyhedendom (neopaganism)
13%
Den etniske religionen til et mindretall av arabere i Syria og Libanon Drusere
9%
Den tradisjonelle religionen i Kina Kinesisk folkereligion
9%
To ulike filosofiske skoler fra Kina Daoisme og konfusianisme
6%
Hovedretningen som dyrker Vishnu som den fremste guddommen (Har ca. 580 millioner tilhengere) Vaishnavisme
6%
No matching quizzes found
Score Distribution
Percent of People with Each Score
Percentile by Number Answered
Your Score History
You have not taken this quiz since the last reset